Logo BPK

Bibliografia Prac Pracowników

Politechniki Koszalińskiej

Samochodowy cerber, czyli jak zabezpieczamy swoje samochody / (Rekord nr 3370)

Szczegóły MARC
000 -ETYKIETA REKORDU
podpole kontrolne o stałej długości 01179naa a2200217 i 4500
001 - NUMER KONTROLNY REKORDU
podpole kontrolne 3370
003 - IDENTYFIKATOR NUMERU KONTROLNEGO REKORDU
podpole kontrolne KOSZ 005
005 - DATA OSTATNIEJ MODYFIKACJI REKORDU
podpole kontrolne 20180427111605.0
008 - POLE O STAŁEJ DŁUGOŚCI - DANE KONTROLNE
podpole kontrolne o stałej długości 141211s2001 pl f |100 0 pol
040 ## - ŹRÓDŁO KATALOGOWANIA
Instytucja, która utworzyła rekord BPK
Instytucja, która dokonała modyfikacji KOSZ 005/EG
080 ## - UNIWERSALNA KLASYFIKACJA DZIESIĘTNA - UKD
UKD 629.067
100 1# - NAZWA OSOBOWA
Nazwa osobowa SŁOWIŃSKI, Bronisław.
Lata pracy 1996 - .
Instytucja Politechnika Koszalińska - Wydział Mechaniczny,
Wydział Katedra Inżynierii Produkcji, Zakład Metrologii i Jakości
245 10 - TYTUŁ/ODPOWIEDZIALNOŚĆ
Tytuł Samochodowy cerber, czyli jak zabezpieczamy swoje samochody /
Pozostałe elementy strefy tytułu i oznaczenia odpowiedzialności Bronisław Słowiński.
500 ## - UWAGI OGÓLNE
Tekst uwagi Dane z autopsji.
520 ## - UWAGA DOTYCZĄCA TREŚCI DOKUMENTU
Analiza dokumentacyjna, adnotacja itp. W artykule przedstawiono dwa główne rodzaje zabezpieczeń samochodowych : mechaniczne i elektroniczne, oraz ich wady i zalety. Omówiono czynniki wpływające na zakup i stosowanie systemów zabezpieczających.
650 #0 - HASŁO PRZEDMIOTOWE W FORMIE NAZWY OGÓLNEJ LUB JEDNOSTKOWEJ
Nazwa ogólna lub geograficzna Samochody - bezpieczeństwo - urządzenia.
655 #0 - TERMIN INDEKSOWY - OKREŚLENIE RODZAJU/FORMY DOKUMENTU
Określnie rodzaju/formy dokumentu Materiały konferencyjne.
711 22 - HASŁO DODATKOWE - NAZWA IMPREZY
Nazwa imprezy Słupskie Forum Motoryzacji
Oznaczenie części/sekcji dzieła (4 ;
Data imprezy 2001 ;
Miejsce imprezy Słupsk, Polska).
773 0# - TYTUŁ DOKUMENTU MACIERZYSTEGO
Wyrażenie wprowadzające W :
Tytuł Problemy bezpieczeństwa współczesnej motoryzacji : IV Słupskie Forum Motoryzacji, Słupsk 12-13 maja 2001. -
Adres wydawniczy Słupsk : Starostwo Powiatowe w Słupsku, 2001. -
Informacje dotyczące relacji s. 175-184
942 ## - HASŁO DODATKOWE - ELEMENTY(KOHA)
Typ dokumentu Rozdział
Schemat klasyfikacji Uniwersalna klasyfikacja dziesiętna
Egzemplarze
Wycofany Zagubiony Uszkodzony Dostępność Lokalizacja stała Lokalizacja bieżąca Sygnatura Typ dokumentu
      Dostępny Bibliografia Prac Pracowników - BPK Bibliografia Prac Pracowników - BPK 64366 Rozdział
© 2014 Biblioteka Politechniki Koszalińskiej :: BIBLIOGRAFIA PRAC PRACOWNIKÓW